[Event "Titled Tuesday 2021.02.16"]
[Site "Chess.com INT"]
[Date "2021.02.16"]
[Round "7"]
[White "Golubka, Petro"]
[Black "Manukyan, Artyom"]
[Result "1-0"]
[WhiteElo "2452"]
[BlackElo "2148"]
[WhiteFideId "-1"]
[BlackFideId "-1"]
[PlyCount "95"]
[GameId "1618787735891968"]
[EventDate "2021.02.16"]
[EventType "swiss (blitz)"]
[EventRounds "11"]
[EventCountry "NET"]
[SourceTitle "EXT 2022"]
[Source "ChessBase"]
[SourceDate "2021.10.06"]
[SourceVersion "1"]
[SourceVersionDate "2021.10.06"]
[SourceQuality "1"]

1. b3 d5 2. Bb2 Bf5 3. e3 e6 4. Nf3 h6 5. Be2 Nf6 6. O-O Be7 7. d3 Kf8 8. Nbd2 Nbd7 9. a3 Kg8 10. c4 c6 11. Qc2 Kh7 12. Nh4 Bg6 13. Nxg6 fxg6 14. d4 Rf8 15. Bd3 Qe8 16. Nf3 Rg8 17. Nh4 Nf8 18. g3 Qf7 19. f3 Re8 20. e4 N6d7 21. Ng2 Kh8 22. e5 g5 23. f4 g4 24. f5 Bg5 25. fxe6 Qxe6 26. Bf5 Qe7 27. Bxg4 Qd8 28. h4 Be7 29. c5 a5 30. b4 b6 31. Bc3 bxc5 32. bxc5 Nxc5 33. dxc5 Bxc5+ 34. Kh2 d4 35. Bd2 Rxe5 36. Nf4 Bd6 37. Qxc6 Rc5 38. Qe4 Qe7 39. Qxe7 Bxe7 40. Rfc1 Rxc1 41. Bxc1 a4 42. Bd1 g5 43. Nd5 Bd6 44. hxg5 hxg5 45. Bxa4 Ng6 46. Bxg5 Kg7 47. Bf6+ Kf7 48. Bxd4 1-0

[Event "Titled Tuesday 2021.02.16"]
[Site "Chess.com INT"]
[Date "2021.02.16"]
[Round "8"]
[White "Shirazi, Kamran"]
[Black "Golubka, Petro"]
[Result "0-1"]
[WhiteElo "2349"]
[BlackElo "2452"]
[WhiteFideId "-1"]
[BlackFideId "-1"]
[PlyCount "72"]
[GameId "1618787736592384"]
[EventDate "2021.02.16"]
[EventType "swiss (blitz)"]
[EventRounds "11"]
[EventCountry "NET"]
[SourceTitle "EXT 2022"]
[Source "ChessBase"]
[SourceDate "2021.10.06"]
[SourceVersion "1"]
[SourceVersionDate "2021.10.06"]
[SourceQuality "1"]

1. e4 c5 2. b4 e5 3. Nf3 cxb4 4. a3 b3 5. c4 Nc6 6. Bb2 Bc5 7. Qxb3 d6 8. Nc3 Nf6 9. Bd3 Bg4 10. Nd5 Bxf3 11. gxf3 O-O 12. Rg1 Nxd5 13. cxd5 Nd4 14. Qd1 Qf6 15. Rg3 h5 16. Rb1 b6 17. Bxd4 Bxd4 18. Ke2 g6 19. Qg1 Kh7 20. Ba6 Qf4 21. Rh3 Bc5 22. Qg3 Qh6 23. Rg1 Rab8 24. a4 Rbe8 25. Rh4 Rg8 26. Qh3 Re7 27. Bb5 Bb4 28. Bd7 Qxd2+ 29. Kf1 Qc1+ 30. Kg2 Qh6 31. Bf5 gxf5+ 32. Kh1 Rxg1+ 33. Kxg1 Qc1+ 34. Kg2 Kg7 35. Rxh5 Re8 36. Qg4+ fxg4 0-1

[Event "Titled Tuesday 2021.02.16"]
[Site "Chess.com INT"]
[Date "2021.02.16"]
[Round "9"]
[White "Salem, AR Saleh"]
[Black "Golubka, Petro"]
[Result "1-0"]
[WhiteElo "2682"]
[BlackElo "2452"]
[WhiteFideId "-1"]
[BlackFideId "-1"]
[PlyCount "64"]
[GameId "1618787737321472"]
[EventDate "2021.02.16"]
[EventType "swiss (blitz)"]
[EventRounds "11"]
[EventCountry "NET"]
[SourceTitle "EXT 2022"]
[Source "ChessBase"]
[SourceDate "2021.10.06"]
[SourceVersion "1"]
[SourceVersionDate "2021.10.06"]
[SourceQuality "1"]

1. d4 d5 2. c4 e6 3. Nc3 Bb4 4. Nf3 dxc4 5. e4 b5 6. a4 c6 7. Be2 Nf6 8. e5 Nd5 9. Bd2 Bxc3 10. bxc3 O-O 11. Qb1 a6 12. Ng5 g6 13. h4 f5 14. exf6 Qxf6 15. Ne4 Qe7 16. Bg5 Qg7 17. Qc1 Nd7 18. h5 Rf5 19. g4 Rxg5 20. Qxg5 Bb7 21. hxg6 hxg6 22. Rh6 Nf8 23. Kd2 b4 24. Rah1 bxc3+ 25. Kc1 Qxd4 26. Rxg6+ Nxg6 27. Qxg6+ Qg7 28. Qxe6+ Kf8 29. Rh3 Ne7 30. Rf3+ Ke8 31. Rf7 Qxf7 32. Nd6+ Kd8 1-0

[Event "Titled Tuesday 2021.02.16"]
[Site "Chess.com INT"]
[Date "2021.02.16"]
[Round "10"]
[White "Golubka, Petro"]
[Black "Musovic, Armin"]
[Result "1-0"]
[WhiteElo "2452"]
[BlackElo "2235"]
[WhiteFideId "-1"]
[BlackFideId "-1"]
[PlyCount "69"]
[GameId "1618787738038272"]
[EventDate "2021.02.16"]
[EventType "swiss (blitz)"]
[EventRounds "11"]
[EventCountry "NET"]
[SourceTitle "EXT 2022"]
[Source "ChessBase"]
[SourceDate "2021.10.06"]
[SourceVersion "1"]
[SourceVersionDate "2021.10.06"]
[SourceQuality "1"]

1. e4 c6 2. d4 d5 3. e5 c5 4. Nf3 Nc6 5. c4 cxd4 6. cxd5 Qxd5 7. Nc3 Qa5 8. Nxd4 Qxe5+ 9. Be3 e6 10. Bb5 Bd7 11. O-O Nf6 12. Re1 a6 13. Nxc6 bxc6 14. Bd4 Qh5 15. Be2 Qa5 16. Bxf6 gxf6 17. Ne4 Qe5 18. Bh5 Rg8 19. Bxf7+ Kxf7 20. Qxd7+ Be7 21. Ng5+ Rxg5 22. Rxe5 Rxe5 23. Qxc6 Rb8 24. Qc2 Kg7 25. g3 Rc5 26. Qe2 Re5 27. Qg4+ Kh8 28. b3 Rb4 29. Qf3 Rbe4 30. Kg2 f5 31. Rd1 Re2 32. Rd7 Bc5 33. Qh5 Rxf2+ 34. Kh3 Rxh2+ 35. Kxh2 1-0

[Event "Titled Tuesday 2021.02.16"]
[Site "Chess.com INT"]
[Date "2021.02.16"]
[Round "11"]
[White "Golubka, Petro"]
[Black "Bortnyk, Olexandr"]
[Result "1/2-1/2"]
[WhiteElo "2452"]
[BlackElo "2598"]
[WhiteFideId "-1"]
[BlackFideId "-1"]
[PlyCount "134"]
[GameId "1618787739279360"]
[EventDate "2021.02.16"]
[EventType "swiss (blitz)"]
[EventRounds "11"]
[EventCountry "NET"]
[SourceTitle "EXT 2022"]
[Source "ChessBase"]
[SourceDate "2021.10.06"]
[SourceVersion "1"]
[SourceVersionDate "2021.10.06"]
[SourceQuality "1"]

1. e4 Nf6 2. d3 e5 3. Nc3 Bc5 4. Be3 d6 5. Qd2 Nc6 6. O-O-O Bb4 7. f4 exf4 8. Bxf4 d5 9. a3 Ba5 10. exd5 Nxd5 11. Qe2+ Be6 12. Nxd5 Qxd5 13. c4 Qd7 14. Nf3 O-O-O 15. b4 Nd4 16. Nxd4 Qxd4 17. Qe5 Bb6 18. c5 Bb3 19. Rd2 Qd7 20. cxb6 axb6 21. Kb2 Rhe8 22. Qxc7+ Qxc7 23. Bxc7 Kxc7 24. Kxb3 Re1 25. g3 f5 26. Bg2 Re3 27. Rc1+ Kb8 28. Rc3 g5 29. a4 h5 30. Bf1 Rd4 31. Rf2 f4 32. gxf4 Rxf4 33. Rcc2 Ref3 34. Rxf3 Rxf3 35. Be2 Rh3 36. Bf1 Rf3 37. Rc1 g4 38. Kc3 Rf2 39. h4 Rh2 40. Re1 Rxh4 41. Bg2 Rh2 42. Be4 g3 43. Rf1 h4 44. Rf8+ Kc7 45. Rh8 Kd6 46. Kd4 g2 47. Bxg2 Rxg2 48. Rh6+ Kc7 49. Rxh4 Ra2 50. Kc4 Rxa4 51. Kb5 Ra3 52. Rh7+ Kb8 53. d4 Ka7 54. d5 Rd3 55. Rd7 Rd1 56. d6 Rd4 57. Rd8 Rd5+ 58. Kc4 Rd1 59. b5 Rd2 60. Kc3 Rd5 61. d7 Rd6 62. Kc4 Rd1 63. Kc3 Rd5 64. Kc4 Rd6 65. Kc3 Rd5 66. Kc4 Rd6 67. Kc3 Rd5 1/2-1/2

[Event "Titled Tuesday 2021.02.09"]
[Site "Chess.com INT"]
[Date "2021.02.09"]
[Round "2"]
[White "Senthil, Maran K"]
[Black "Golubka, Petro"]
[Result "0-1"]
[WhiteElo "2246"]
[BlackElo "2452"]
[WhiteFideId "-1"]
[BlackFideId "-1"]
[PlyCount "70"]
[GameId "1616237341253632"]
[EventDate "2021.02.09"]
[EventType "swiss (blitz)"]
[EventRounds "11"]
[EventCountry "NET"]
[SourceTitle "EXT 2022"]
[Source "ChessBase"]
[SourceDate "2021.10.06"]
[SourceVersion "1"]
[SourceVersionDate "2021.10.06"]
[SourceQuality "1"]

1. d4 Nf6 2. c4 e6 3. g3 Bb4+ 4. Nd2 d5 5. Bg2 O-O 6. Ngf3 dxc4 7. O-O c3 8. bxc3 Bxc3 9. Rb1 Bxd4 10. Nxd4 Qxd4 11. Bb2 Qd8 12. Qc2 Nbd7 13. Rfd1 a5 14. Nc4 a4 15. Ba3 Re8 16. Ne5 Ra6 17. h3 Nd5 18. Nc4 Rc6 19. Qd3 b5 20. Na5 Rc3 21. Qxb5 Rxa3 22. e4 Nc3 23. Qb2 Nxb1 24. Rxb1 Qe7 25. Nc6 Qf8 26. Rd1 Nb6 27. Rd4 Ba6 28. Bf1 Bxf1 29. Kxf1 Rf3 30. Kg2 Rf6 31. e5 Rh6 32. Qc2 f6 33. f4 fxe5 34. Nxe5 Nd5 35. h4 Ne3+ 0-1

[Event "Titled Tuesday 2021.02.09"]
[Site "Chess.com INT"]
[Date "2021.02.09"]
[Round "3"]
[White "Golubka, Petro"]
[Black "Artemiev, Vladislav"]
[Result "0-1"]
[WhiteElo "2452"]
[BlackElo "2709"]
[WhiteFideId "-1"]
[BlackFideId "-1"]
[PlyCount "100"]
[GameId "1616237342601216"]
[EventDate "2021.02.09"]
[EventType "swiss (blitz)"]
[EventRounds "11"]
[EventCountry "NET"]
[SourceTitle "EXT 2022"]
[Source "ChessBase"]
[SourceDate "2021.10.06"]
[SourceVersion "1"]
[SourceVersionDate "2021.10.06"]
[SourceQuality "1"]

1. e4 c6 2. d4 d5 3. e5 Bf5 4. Nc3 Qc8 5. h3 e6 6. Nf3 c5 7. Bd3 Bxd3 8. cxd3 cxd4 9. Nxd4 Ne7 10. O-O Nbc6 11. Nf3 Ng6 12. d4 Be7 13. g3 O-O 14. h4 f6 15. h5 Nh8 16. Bf4 Nf7 17. Re1 fxe5 18. dxe5 Qd8 19. Kg2 Ng5 20. Bxg5 Bxg5 21. Qd3 Be7 22. Rad1 Qe8 23. h6 g5 24. Nb5 g4 25. Nfd4 Qh5 26. Nxe6 Rf3 27. Nf4 Rxd3 28. Nxh5 Rxd1 29. Rxd1 Rd8 30. Nc7 Nxe5 31. Rxd5 Rxd5 32. Nxd5 Bg5 33. Nhf6+ Kf7 34. Ne4 Bxh6 35. Ndc3 b6 36. Nd6+ Ke6 37. Nc8 Nc6 38. b4 Nxb4 39. Nxa7 Bg7 40. Nab5 Bxc3 41. Nxc3 Ke5 42. f4+ gxf3+ 43. Kxf3 Kd4 44. Ne4 Nxa2 45. Ng5 h5 46. Nh7 b5 47. Nf6 b4 48. Nxh5 b3 49. Nf4 b2 50. Ne2+ Kd3 0-1

[Event "Titled Tuesday 2021.02.09"]
[Site "Chess.com INT"]
[Date "2021.02.09"]
[Round "4"]
[White "Golubka, Petro"]
[Black "Sakorenko, Adriana"]
[Result "1-0"]
[WhiteElo "2452"]
[BlackElo "2216"]
[WhiteFideId "-1"]
[BlackFideId "-1"]
[PlyCount "83"]
[GameId "1616237343227904"]
[EventDate "2021.02.09"]
[EventType "swiss (blitz)"]
[EventRounds "11"]
[EventCountry "NET"]
[SourceTitle "EXT 2022"]
[Source "ChessBase"]
[SourceDate "2021.10.06"]
[SourceVersion "1"]
[SourceVersionDate "2021.10.06"]
[SourceQuality "1"]

1. e4 c5 2. Nf3 Nc6 3. d4 cxd4 4. Nxd4 e5 5. Nb5 Nf6 6. N1c3 d6 7. Nd5 Nxd5 8. exd5 Nb8 9. a4 a6 10. Na3 Be7 11. Be2 O-O 12. O-O f5 13. f4 e4 14. Be3 Nd7 15. Nc4 b6 16. Ra3 Rb8 17. Qd2 b5 18. Na5 b4 19. Nc6 bxa3 20. Nxd8 axb2 21. Nc6 b1=Q 22. Nxe7+ Kf7 23. Nxc8 Qb4 24. Qxb4 Rxb4 25. Nxd6+ Ke7 26. Nc4 Rc8 27. Ne5 Nxe5 28. fxe5 Rxc2 29. Bg5+ Ke8 30. e6 Rb6 31. a5 Rd6 32. Rb1 Rc8 33. Bc4 h6 34. Bf4 Rxe6 35. dxe6 Rxc4 36. Bd6 Rc8 37. h4 g5 38. hxg5 hxg5 39. g3 f4 40. gxf4 gxf4 41. Bxf4 Rc6 42. Rb6 1-0

[Event "Titled Tuesday 2021.02.09"]
[Site "Chess.com INT"]
[Date "2021.02.09"]
[Round "5"]
[White "Skatchkov, Valery"]
[Black "Golubka, Petro"]
[Result "0-1"]
[WhiteElo "2283"]
[BlackElo "2452"]
[WhiteFideId "-1"]
[BlackFideId "-1"]
[PlyCount "84"]
[GameId "1616237344227328"]
[EventDate "2021.02.09"]
[EventType "swiss (blitz)"]
[EventRounds "11"]
[EventCountry "NET"]
[SourceTitle "EXT 2022"]
[Source "ChessBase"]
[SourceDate "2021.10.06"]
[SourceVersion "1"]
[SourceVersionDate "2021.10.06"]
[SourceQuality "1"]

1. d4 d5 2. c4 e6 3. Nf3 c5 4. cxd5 exd5 5. g3 Nc6 6. Bg2 Nf6 7. O-O Be6 8. a3 cxd4 9. Nxd4 Bc5 10. Nxe6 fxe6 11. b4 Bb6 12. Bb2 O-O 13. Nc3 Ng4 14. e3 Nxf2 15. Qe2 Qg5 16. Rxf2 Bxe3 17. Nd1 Bxf2+ 18. Nxf2 Rae8 19. Rd1 h6 20. Ng4 a6 21. Ne5 Nxe5 22. Bxe5 Qg6 23. h3 Rc8 24. Rd2 Rc1+ 25. Kh2 Rfc8 26. b5 axb5 27. Qxb5 R8c2 28. Rxc2 Rxc2 29. Qxb7 Rxg2+ 30. Kxg2 Qe4+ 31. Kf2 Qxe5 32. Qc8+ Kh7 33. Qc2+ Kg8 34. Qc8+ Kf7 35. Qc2 Qf5+ 36. Qxf5+ exf5 37. Ke3 g5 38. Kd4 f4 39. gxf4 gxf4 40. a4 Ke6 41. a5 Kd7 42. a6 Kc6 0-1

[Event "Titled Tuesday 2021.02.09"]
[Site "Chess.com INT"]
[Date "2021.02.09"]
[Round "6"]
[White "Deac, Bogdan Daniel"]
[Black "Golubka, Petro"]
[Result "0-1"]
[WhiteElo "2625"]
[BlackElo "2452"]
[WhiteFideId "-1"]
[BlackFideId "-1"]
[PlyCount "86"]
[GameId "1616237345574912"]
[EventDate "2021.02.09"]
[EventType "swiss (blitz)"]
[EventRounds "11"]
[EventCountry "NET"]
[SourceTitle "EXT 2022"]
[Source "ChessBase"]
[SourceDate "2021.10.06"]
[SourceVersion "1"]
[SourceVersionDate "2021.10.06"]
[SourceQuality "1"]

1. Nf3 Nf6 2. c4 b6 3. d4 Bb7 4. g3 e6 5. Bg2 Be7 6. O-O c6 7. Qc2 d5 8. Rd1 O-O 9. b3 a5 10. Nc3 Nbd7 11. e4 a4 12. Rb1 axb3 13. axb3 dxe4 14. Nxe4 Nxe4 15. Qxe4 Nf6 16. Qe2 Ra7 17. Bf4 Qa8 18. h3 Re8 19. Bc7 b5 20. Bb6 Ra2 21. Rd2 Ra1 22. Rxa1 Qxa1+ 23. Kh2 bxc4 24. bxc4 c5 25. dxc5 Qa8 26. Ra2 Qc8 27. Ra7 Bc6 28. Qe3 Qb8 29. Ne5 Bxg2 30. Kxg2 Bf8 31. Nc6 Qc8 32. Qf3 e5 33. Rc7 Qe6 34. Nb4 Qxc4 35. Nc6 e4 36. Qf5 e3 37. fxe3 Rxe3 38. Rc8 Re2+ 39. Kg1 Qc1+ 40. Qf1 Qe3+ 41. Kh1 Qe4+ 42. Kg1 Re1 43. Ne7+ Qxe7 0-1

[Event "Titled Tuesday 2021.02.09"]
[Site "Chess.com INT"]
[Date "2021.02.09"]
[Round "7"]
[White "Golubka, Petro"]
[Black "Yoo, Christopher Woojin"]
[Result "1-0"]
[WhiteElo "2452"]
[BlackElo "2455"]
[WhiteFideId "-1"]
[BlackFideId "-1"]
[PlyCount "55"]
[GameId "1616237345968128"]
[EventDate "2021.02.09"]
[EventType "swiss (blitz)"]
[EventRounds "11"]
[EventCountry "NET"]
[SourceTitle "EXT 2022"]
[Source "ChessBase"]
[SourceDate "2021.10.06"]
[SourceVersion "1"]
[SourceVersionDate "2021.10.06"]
[SourceQuality "1"]

1. e4 c5 2. Nf3 Nc6 3. d4 cxd4 4. Nxd4 g6 5. Nb3 Bg7 6. Bd3 Nf6 7. O-O d5 8. exd5 Nxd5 9. a3 O-O 10. Re1 Nb6 11. Nc3 e5 12. Be3 Re8 13. Bb5 Bf5 14. Nc5 Qc7 15. Rc1 Rad8 16. Qf3 e4 17. N5xe4 a6 18. Bf4 Ne5 19. Bxe5 Bxe5 20. Bxe8 Rxe8 21. Nf6+ Bxf6 22. Rxe8+ Kg7 23. Rce1 Qd7 24. h3 Nc4 25. Qd1 Qc6 26. Nd5 Nxb2 27. Qf3 Bd4 28. Rg8+ 1-0

[Event "Titled Tuesday 2021.02.09"]
[Site "Chess.com INT"]
[Date "2021.02.09"]
[Round "8"]
[White "Alekseenko, Kirill"]
[Black "Golubka, Petro"]
[Result "1-0"]
[WhiteElo "2696"]
[BlackElo "2452"]
[WhiteFideId "-1"]
[BlackFideId "-1"]
[PlyCount "71"]
[GameId "1616237347016704"]
[EventDate "2021.02.09"]
[EventType "swiss (blitz)"]
[EventRounds "11"]
[EventCountry "NET"]
[SourceTitle "EXT 2022"]
[Source "ChessBase"]
[SourceDate "2021.10.06"]
[SourceVersion "1"]
[SourceVersionDate "2021.10.06"]
[SourceQuality "1"]

1. e4 c5 2. Nf3 d6 3. d4 cxd4 4. Nxd4 Nf6 5. Nc3 a6 6. Nb3 e6 7. g4 h6 8. Bg2 Nc6 9. h4 g6 10. g5 Nh5 11. Be3 Bd7 12. Qd2 Ne5 13. O-O-O Nc4 14. Qd4 Nxe3 15. Qxe3 hxg5 16. hxg5 Be7 17. f4 Qc7 18. Kb1 O-O-O 19. Bf3 Ng7 20. Rxh8 Rxh8 21. Qd4 Rh7 22. a3 Ne8 23. Na4 Bxa4 24. Qxa4 Qc6 25. Qd4 Nc7 26. Rd3 Kb8 27. a4 e5 28. fxe5 Ne6 29. Qb4 Nc5 30. Na5 Qc7 31. exd6 Bxd6 32. Rc3 Be7 33. e5 Rh3 34. Nc6+ Ka8 35. Nxe7 Qxe7 36. Rxc5 1-0

[Event "Titled Tuesday 2021.02.09"]
[Site "Chess.com INT"]
[Date "2021.02.09"]
[Round "10"]
[White "Golubka, Petro"]
[Black "Herrera Reyes, Jose Antonio"]
[Result "0-1"]
[WhiteElo "2452"]
[BlackElo "2304"]
[WhiteFideId "-1"]
[BlackFideId "-1"]
[PlyCount "92"]
[GameId "1616237348630528"]
[EventDate "2021.02.09"]
[EventType "swiss (blitz)"]
[EventRounds "11"]
[EventCountry "NET"]
[SourceTitle "EXT 2022"]
[Source "ChessBase"]
[SourceDate "2021.10.06"]
[SourceVersion "1"]
[SourceVersionDate "2021.10.06"]
[SourceQuality "1"]

1. e4 c5 2. Nc3 e6 3. Nf3 a6 4. a4 b6 5. d3 Bb7 6. g3 Qc7 7. Bg2 d6 8. O-O Nd7 9. Re1 Be7 10. d4 cxd4 11. Nxd4 Ngf6 12. Be3 h5 13. h3 Rc8 14. Qe2 Ne5 15. Red1 Nc4 16. Bc1 O-O 17. b3 Ne5 18. Bb2 Rfe8 19. Rac1 Bf8 20. Qe3 Ng6 21. Qd3 h4 22. Nde2 hxg3 23. fxg3 Rcd8 24. Na2 d5 25. Bxf6 gxf6 26. exd5 Bxd5 27. Qc3 Bc5+ 28. Kh2 Bxg2 29. Kxg2 Ne5 30. Kh2 Qb7 31. Rf1 Rd7 32. Rxf6 Qe4 33. Re1 Red8 34. Rf4 Qe3 35. Qxe3 Bxe3 36. Re4 Nf3+ 37. Kh1 Nxe1 38. Rxe3 Nxc2 39. Re4 Rd2 40. Nac3 Nd4 41. Nf4 Nf3 42. Nce2 e5 43. Nh5 f5 44. Re3 e4 45. g4 R8d3 46. Rxd3 exd3 0-1

[Event "Titled Tuesday 2021.02.09"]
[Site "Chess.com INT"]
[Date "2021.02.09"]
[Round "11"]
[White "Pazos Porta, Antonio"]
[Black "Golubka, Petro"]
[Result "0-1"]
[WhiteElo "2373"]
[BlackElo "2452"]
[WhiteFideId "-1"]
[BlackFideId "-1"]
[PlyCount "104"]
[GameId "1616237349638144"]
[EventDate "2021.02.09"]
[EventType "swiss (blitz)"]
[EventRounds "11"]
[EventCountry "NET"]
[SourceTitle "EXT 2022"]
[Source "ChessBase"]
[SourceDate "2021.10.06"]
[SourceVersion "1"]
[SourceVersionDate "2021.10.06"]
[SourceQuality "1"]

1. e4 c5 2. Nf3 d6 3. d4 cxd4 4. Nxd4 Nf6 5. Nc3 a6 6. h3 h6 7. g4 g5 8. Bg2 e6 9. Be3 Nbd7 10. Qd2 Ne5 11. Qe2 Bd7 12. O-O-O Rc8 13. Kb1 Rxc3 14. bxc3 Qc7 15. Nb3 Bb5 16. Qe1 Nc4 17. Bf1 Bg7 18. Bxc4 Bxc4 19. f3 Nd7 20. Bd4 e5 21. Be3 b5 22. h4 gxh4 23. Rxh4 a5 24. g5 h5 25. Qh1 a4 26. Nd2 Be6 27. c4 bxc4 28. c3 Qa5 29. Rc1 d5 30. exd5 Qxd5 31. Rc2 Bf5 32. Ne4 Bg6 33. Rd2 Qb5+ 34. Ka1 O-O 35. Qb1 Qc6 36. Qd1 Bf5 37. Rxh5 Rb8 38. Nf6+ Nxf6 39. gxf6 Qxf6 40. Rb2 Rd8 41. Qg1 Bg6 42. Rg5 a3 43. Rd2 Rxd2 44. Bxd2 Qxf3 45. Rg3 Qe2 46. Qe1 Qh5 47. Rg1 Qf5 48. Qf1 Qc2 49. Qc1 Qd3 50. Rd1 e4 51. Be1 Qe2 52. Rd2 Bxc3+ 0-1

[Event "Titled Tuesday 2021.02.02"]
[Site "Chess.com INT"]
[Date "2021.02.02"]
[Round "2"]
[White "Kotepalli, Sai Nirupama"]
[Black "Golubka, Petro"]
[Result "0-1"]
[WhiteElo "1914"]
[BlackElo "2471"]
[WhiteFideId "-1"]
[BlackFideId "-1"]
[PlyCount "44"]
[GameId "1613714566639616"]
[EventDate "2021.02.02"]
[EventType "swiss (blitz)"]
[EventRounds "11"]
[EventCountry "NET"]
[SourceTitle "CBM 200 Extra"]
[Source "ChessBase"]
[SourceDate "2021.03.31"]
[SourceVersion "1"]
[SourceVersionDate "2021.03.31"]
[SourceQuality "1"]

1. e4 b6 2. d3 Bb7 3. Nf3 g6 4. g3 Bg7 5. Bg2 d6 6. O-O Nd7 7. c3 h6 8. Qe2 e5 9. Na3 Ne7 10. Nc2 O-O 11. Nh4 g5 12. Nf5 Nxf5 13. exf5 Bxg2 14. Kxg2 Nf6 15. Rg1 Re8 16. Be3 d5 17. d4 c5 18. Rad1 Qc8 19. dxc5 bxc5 20. g4 d4 21. Bd2 Qb7+ 22. Qf3 e4 0-1

[Event "Titled Tuesday 2021.02.02"]
[Site "Chess.com INT"]
[Date "2021.02.02"]
[Round "3"]
[White "Triapishko, Alexandr"]
[Black "Golubka, Petro"]
[Result "1-0"]
[WhiteElo "2510"]
[BlackElo "2471"]
[WhiteFideId "-1"]
[BlackFideId "-1"]
[PlyCount "99"]
[GameId "1613714568708096"]
[EventDate "2021.02.02"]
[EventType "swiss (blitz)"]
[EventRounds "11"]
[EventCountry "NET"]
[SourceTitle "CBM 200 Extra"]
[Source "ChessBase"]
[SourceDate "2021.03.31"]
[SourceVersion "1"]
[SourceVersionDate "2021.03.31"]
[SourceQuality "1"]

1. Nf3 Nf6 2. g3 b6 3. Bg2 Bb7 4. b3 e6 5. Bb2 Be7 6. O-O O-O 7. c4 a5 8. Nc3 Na6 9. d4 c6 10. e4 d5 11. Ne5 Rc8 12. Rc1 Re8 13. Re1 Bb4 14. exd5 cxd5 15. a3 Bf8 16. Nb5 Ra8 17. Re3 g6 18. Rc2 Be7 19. h4 Rb8 20. Na7 Ra8 21. Nac6 Bxc6 22. Nxc6 Qd7 23. Nxe7+ Rxe7 24. Qf3 Ne4 25. Rxe4 dxe4 26. Qf6 Rd8 27. d5 e5 28. Bxe5 Rxe5 29. Qxe5 Re8 30. Qf6 Qc7 31. d6 Qd7 32. Rd2 Re6 33. Bh3 Rxf6 34. Bxd7 Nc5 35. Bb5 Nb7 36. d7 Nd8 37. Kg2 Kf8 38. b4 axb4 39. axb4 Ke7 40. Ra2 Rd6 41. Ra8 f5 42. Kf1 h6 43. Ke2 g5 44. hxg5 hxg5 45. c5 bxc5 46. bxc5 Rd5 47. c6 Ne6 48. Re8+ Kf7 49. Rxe6 Kxe6 50. Bc4 1-0

[Event "Titled Tuesday 2021.02.02"]
[Site "Chess.com INT"]
[Date "2021.02.02"]
[Round "4"]
[White "Golubka, Petro"]
[Black "Blomqvist, Erik"]
[Result "1-0"]
[WhiteElo "2471"]
[BlackElo "2535"]
[WhiteFideId "-1"]
[BlackFideId "-1"]
[PlyCount "87"]
[GameId "1613714569568256"]
[EventDate "2021.02.02"]
[EventType "swiss (blitz)"]
[EventRounds "11"]
[EventCountry "NET"]
[SourceTitle "CBM 200 Extra"]
[Source "ChessBase"]
[SourceDate "2021.03.31"]
[SourceVersion "1"]
[SourceVersionDate "2021.03.31"]
[SourceQuality "1"]

1. d4 Nf6 2. Nf3 e6 3. g3 d5 4. Bg2 g6 5. O-O Bg7 6. c4 O-O 7. Nc3 Nbd7 8. cxd5 exd5 9. b3 Re8 10. Bb2 c6 11. Re1 Nb6 12. a4 a5 13. Rc1 Bf5 14. Nh4 Bg4 15. h3 Be6 16. Nf3 Ne4 17. e3 Nxc3 18. Bxc3 Nc8 19. Ne5 Nd6 20. Bb2 Qb6 21. Ba3 Ne4 22. Nd3 Bf5 23. Nf4 h5 24. Re2 Ng5 25. Kh2 Be4 26. Rd2 Bxg2 27. Kxg2 Qd8 28. Rd3 Qd7 29. g4 hxg4 30. hxg4 Bf6 31. f3 Kg7 32. Qe2 Rh8 33. Rdd1 Rae8 34. Qf2 Bd8 35. Rh1 Bc7 36. Rce1 Bxf4 37. exf4 Ne6 38. Bc1 Qd6 39. Rxh8 Rxh8 40. Qe3 g5 41. Qe5+ Qxe5 42. fxe5 Nxd4 43. Bxg5 Nxb3 44. Bf6+ 1-0

[Event "Titled Tuesday 2021.02.02"]
[Site "Chess.com INT"]
[Date "2021.02.02"]
[Round "5"]
[White "Svicevic, Rastko"]
[Black "Golubka, Petro"]
[Result "0-1"]
[WhiteElo "2223"]
[BlackElo "2471"]
[WhiteFideId "-1"]
[BlackFideId "-1"]
[PlyCount "84"]
[GameId "1613714570645504"]
[EventDate "2021.02.02"]
[EventType "swiss (blitz)"]
[EventRounds "11"]
[EventCountry "NET"]
[SourceTitle "CBM 200 Extra"]
[Source "ChessBase"]
[SourceDate "2021.03.31"]
[SourceVersion "1"]
[SourceVersionDate "2021.03.31"]
[SourceQuality "1"]

1. d4 Nf6 2. Bg5 e6 3. e4 h6 4. Bxf6 Qxf6 5. c3 Qd8 6. Bd3 d6 7. Ne2 Nc6 8. O-O e5 9. f4 Be7 10. Nd2 O-O 11. Nf3 Bf6 12. Kh1 Bg4 13. d5 Ne7 14. f5 c6 15. c4 Qb6 16. Rb1 Rfc8 17. Nd2 a5 18. h3 Bxe2 19. Qxe2 a4 20. b4 axb3 21. Rxb3 Qa7 22. a3 Rc7 23. Rfb1 Bg5 24. Nf3 Be3 25. Bc2 Bc5 26. f6 Ng6 27. fxg7 Kxg7 28. Nh2 Rh8 29. Qh5 Qa6 30. Bd3 Qa8 31. Bf1 Qc8 32. Qf3 h5 33. Qd1 cxd5 34. cxd5 b6 35. Rg3 Qd7 36. Rg5 h4 37. Nf3 Qe7 38. Rf5 f6 39. Nd2 Ra7 40. Nc4 Qc7 41. Qg4 Bxa3 42. Ne3 Bc5 0-1

[Event "Titled Tuesday 2021.02.02"]
[Site "Chess.com INT"]
[Date "2021.02.02"]
[Round "6"]
[White "Muradli, Mahammad"]
[Black "Golubka, Petro"]
[Result "0-1"]
[WhiteElo "2449"]
[BlackElo "2471"]
[WhiteFideId "-1"]
[BlackFideId "-1"]
[PlyCount "78"]
[GameId "1613714571595776"]
[EventDate "2021.02.02"]
[EventType "swiss (blitz)"]
[EventRounds "11"]
[EventCountry "NET"]
[SourceTitle "CBM 200 Extra"]
[Source "ChessBase"]
[SourceDate "2021.03.31"]
[SourceVersion "1"]
[SourceVersionDate "2021.03.31"]
[SourceQuality "1"]

1. Nf3 Nf6 2. d4 e6 3. c4 b6 4. g3 Bb7 5. Bg2 Be7 6. O-O c6 7. Nc3 d5 8. Qc2 O-O 9. Rd1 Nbd7 10. e4 dxc4 11. a4 a6 12. Bg5 b5 13. Bxf6 Nxf6 14. h4 h6 15. Rac1 Rc8 16. b3 b4 17. Ne2 cxb3 18. Qb1 b2 19. Rc4 c5 20. dxc5 Qa5 21. Qxb2 Bxc5 22. Nd2 Ng4 23. Nd4 Ba7 24. Qxb4 Qxb4 25. Rxb4 Ba8 26. Bh3 a5 27. Rb5 Nxf2 28. Kxf2 Bxd4+ 29. Ke2 Bc3 30. Nb3 Bc6 31. Rc5 Bxa4 32. Rxc8 Rxc8 33. Rb1 Bb5+ 34. Kf3 a4 35. Nc1 Bc6 36. Rb6 Bd2 37. Nd3 Be8 38. Ne5 Bc3 39. Nd3 Ra8 0-1